Evaluación ambiental estratégica: un instrumento para integrar el medio ambiente en la formulación de políticas, planes y programas
Bewaard in:
| Hoofdauteurs: | , , |
|---|---|
| Formaat: | Boek |
| Taal: | Spaans |
| Gepubliceerd in: |
Madrid
Mundi-Prensa
2014
|
| Editie: | 2a. ed |
| Onderwerpen: | |
| Tags: |
Voeg label toe
Geen labels, Wees de eerste die dit record labelt!
|
MARC
| LEADER | 00000cam a2200000 a 4500 | ||
|---|---|---|---|
| 001 | UCE6684 | ||
| 003 | CL-VaPUC | ||
| 008 | 150430e20140000sp |||||||||||||||||spa|d | ||
| 020 | |a 9788484766766 | ||
| 082 | 0 | 4 | |a 363.7 |b GOM |2 21 |
| 100 | |a Gómez Orea, Domingo |e author |9 579881 | ||
| 700 | |a Gómez Villarino, Mauricio |e author |9 579287 | ||
| 700 | |a Gómez Villarino, Alejandro |e author |9 579288 | ||
| 245 | 1 | 0 | |a Evaluación ambiental estratégica: un instrumento para integrar el medio ambiente en la formulación de políticas, planes y programas |
| 250 | |a 2a. ed | ||
| 300 | |a 377 p | ||
| 942 | |c BK | ||
| 945 | |d 20150430 00:23:00 |a cmena | ||
| 260 | |a Madrid |b Mundi-Prensa |c 2014 | ||
| 650 | 0 | |a Protección del medio ambiente |9 257626 | |
| 650 | 0 | |a Planificación estratégica |9 259735 | |
| 650 | 0 | |a Desarrollo sustentable |9 333905 | |
| 650 | 0 | |a Planificación urbana |9 258176 | |
| 650 | 0 | |a Participación ciudadana |9 330304 | |
| 650 | 0 | |a Proyectos de investigación |9 259727 | |
| 583 | |a last modification |c 20150430 00:23:00 |k Rodrigo Vera | ||
| 999 | |c 358915 |d 358913 | ||
| 952 | |0 0 |1 0 |3 erb |4 0 |6 363_700000000000000_GOM_2014 |7 0 |8 A |9 467872 |a BIBING |b BIBING |i 5147042 |o 363.7 GOM 2014 |p 5147042 |r 2025-01-20 |w 2019-11-23 |y BK |z Catalogado en:20150430 |k CCL | ||